| 000 | 01458cam a2200361 i 4500 | ||
|---|---|---|---|
| 001 | 14570428 | ||
| 003 | EG-ScBUE | ||
| 005 | 20240602093803.0 | ||
| 008 | 060926r20072006enkab f b 001 0 eng d | ||
| 020 | _a9780521683159 | ||
| 035 | _a(OCoLC)ocm70173390 | ||
| 040 |
_aUKM _beng _erda _cUKM _dC#P _dBAKER _dDLC _dEG-ScBUE |
||
| 043 | _aa-is--- | ||
| 082 | 0 | 4 |
_a956.94 _222 _bPAP |
| 100 | 1 |
_aPappé, Ilan, _eauthor. |
|
| 245 | 1 | 2 |
_aA history of modern Palestine : _bone land, two peoples / _cIlan Pappe, University of Haifa, Israel. |
| 250 | _aSecond edition. | ||
| 250 | _aReprint edition. | ||
| 264 | 1 |
_aCambridge ; _aNew York : _bCambridge University Press, _c2007. |
|
| 300 |
_axxi, 361 pages : _billustrations, maps ; _c23 cm |
||
| 336 |
_2rdacontent _atext _btxt |
||
| 337 |
_aunmediated _2rdamedia _bn |
||
| 338 |
_avolume _bnc _2rdacarrier |
||
| 504 | _aIncludes bibliographical references and index. | ||
| 651 | 7 |
_aPalestine _xHistory. _2BUEsh |
|
| 655 | _vReading book | ||
| 856 | 4 | 2 |
_3Publisher description _uhttp://www.loc.gov/catdir/enhancements/fy0702/2006281115-d.html |
| 856 | 4 | 1 |
_3Table of contents only _uhttp://www.loc.gov/catdir/enhancements/fy0702/2006281115-t.html |
| 856 | 4 | 2 |
_3Contributor biographical information _uhttp://www.loc.gov/catdir/enhancements/fy0733/2006281115-b.html |
| 906 |
_a7 _bcbc _ccopycat _d2 _encip _f20 _gy-gencatlg |
||
| 942 |
_2ddc _cBB |
||
| 999 |
_c10210 _d10210 |
||